| 000 | 00000nam##2200000za#4500 |
| 001 | 9.698644 |
| 003 | CaOODSP |
| 005 | 20241203113638 |
| 007 | cr ||||||||||| |
| 008 | 150407|2013||||xxc|||||o f|0| 0 eng|d |
| 020 | |a978-1-100-22950-8 |
| 040 | |aCaOODSP|beng |
| 043 | |an-cn--- |
| 086 | 1 |aEn14-111/2013E-PDF |
| 110 | 1 |aCanada. |bEnvironment Canada. |
| 245 | 10|aButyltins in sediments of the St. Lawrence River / |h[electronic resource]|cPrepared by: Magella Pelletier, Mélanie Desrosiers, Serge Lepage and Yves de Lafontaine. |
| 246 | 1 |iAt head of title : |aMonitoring the state of the St. Lawrence River |
| 260 | |aOttawa - Ontario : |bEnvironment Canada |cc2014. |
| 300 | |a7p.|bmaps, references, table, photographs |
| 590 | |a15-05|b2015-01-30 |
| 690 | 07|aRivers|2gcpds |
| 690 | 07|aSediments|2gcpds |
| 775 | 08|tLes butylétains dans les sédiments du fleuve Saint-Laurent / |w(CaOODSP)9.642648 |
| 856 | 40|ahttp://publications.gc.ca|qPDF|s685 KB|uhttps://publications.gc.ca/collections/collection_2015/ec/En14-111-2013-eng.pdf |